Illustrirte Jugeud - Zeituug

Bibliographic Details
Format: Serial
Language:English
Published: Leipzig Otto Wigand

MARC

LEADER 00000nas a2200000 a 4500
001 vtls009952142
003 SK-MaSNL
005 20260221121434.0
008 090921c mr1 0 0eng d
040 |a SNK  |b slo  |c SNK 
245 0 0 |a Illustrirte Jugeud - Zeituug 
260 |a Leipzig  |b Otto Wigand 
500 |a Popis podľa: roč. ...; č. ...; rok ... 
910 |a snk 
999 |c 7764  |d 9694 
952 |0 0  |1 1  |4 0  |7 0  |8 5  |a SNK  |b SNK  |d 2009-09-21  |i snkF 1726/81  |l 0  |o snkČB 4433/1846  |p 17A0629177  |r 2026-02-21 19:42:21  |t č. 2-52 + č. 1/1847  |w 2026-02-21  |y PREZ 
952 |0 0  |1 1  |4 0  |7 0  |8 5  |a SNK  |b SNK  |d 2009-09-21  |i snkF 1688/81  |l 0  |o snkČB 4433/1847  |p 17A0629111  |r 2026-02-21 19:42:21  |t č. 1-52  |w 2026-02-21  |y PREZ